000 00303nam a2200121Ia 4500
008 190216s9999||||xx |||||||||||||| ||und||
100 _a"Bahl B S, Tuli Gd, Arun Bahl"
245 0 _aEssentials Of Physical Chemistry
260 _bS Chand & Co
_c2003
300 _a1028
650 _aChemistry
942 _cBK
999 _c3372
_d3372